000
00297nam a2200109Ia 4500
008
200302s9999 xx 000 0 und d
100
_a
Kamaladevi Chattopadhyaya
245
_a
Carpets and Floor coverings of India
260
_b
Taraporevala Sons and Co. Pvt. Ltd.
260
_c
1976
300
_a
71 P.,
999
_c
4086
_d
4086